[Event "Vidmar Memorial 15th"]
[Site "Terme Zrece"]
[Date "2003.08.21"]
[Round "4"]
[White "Halkias, Stelios"]
[Black "Borisek, Jure"]
[Result "1/2-1/2"]
[WhiteElo "2560"]
[BlackElo "2443"]
[Annotator "Ftacnik,L"]
[PlyCount "76"]
[EventDate "2003.08.17"]
[EventType "tourn"]
[EventRounds "9"]
[EventCountry "SLO"]
[EventCategory "12"]
[SourceTitle "CBM 097"]
[Source "ChessBase"]
[SourceDate "2003.11.11"]
[SourceVersion "1"]
[SourceVersionDate "2003.11.11"]
[SourceQuality "1"]

1. d4 Nf6 2. c4 g6 3. Nc3 d5 4. Nf3 Bg7 5. Bf4 O-O 6. Rc1 dxc4 7. e3 Be6 8. Ng5
Bd5 9. e4 h6 10. exd5 hxg5 11. Bxg5 Nxd5 12. Bxc4 Nb6 13. Bb3 Nc6 14. d5 Nd4
15. O-O Qd7 16. Re1 Rfe8 17. Be3 {White's small advantage is based on the
assymetry of the pawn structure, due to the absent black pawn on h7 his king
is somewhat less safe.} Nxb3 18. Qxb3 Bxc3 19. bxc3 Qxd5 20. c4 Qc6 21. Bd4
Rad8 22. Ba1 f6 23. Rc3 Kg7 {The first independent move of the game, Borisek
is striving to eliminate the pressure along the diagonal a1-h8.} (23... Qc5 24.
Rg3 Rd2 25. Qf3 Kf7 26. Rg4 Rxa2 27. Bd4 Qh5 28. h3 {1-0 Dreev,A-Sutovsky,E/
Moscow 2002/ (48)}) 24. Qc2 e5 25. h4 e4 (25... Rh8 26. Rg3 Rh6 27. h5 g5 28.
Qf5 $132) 26. h5 Rd3 (26... gxh5 27. Rg3+ Kf7 28. Qe2 Qc5 29. Re3 $15) 27. Qe2
$6 (27. hxg6 Rxc3 28. Qxc3 Nxc4 29. Qg3 b5 $17) 27... Qe6 $2 {[%mdl 64] The
opponents are avoiding promissing alternatives and chosing second rate
continuations instead. Suddenly the position is full of life.} (27... Rxc3 28.
Bxc3 Qxc4 $1 29. Qb2 (29. Qg4 Qxc3 30. Qxg6+ Kf8 31. Qh6+ Ke7 32. Rxe4+ Kd8 $19
) (29. Qd2 $2 Nd5 30. Ba1 e3 31. fxe3 gxh5 $19) 29... Nd5 30. Rc1 Qa6 31. hxg6
Nf4 $19) 28. hxg6 (28. Rxd3 exd3 29. Bxf6+ $1 (29. Qxe6 $2 Rxe6 30. Rxe6 d2 31.
Bxf6+ Kf7 $19) 29... Qxf6 (29... Kf8 30. Bg7+ $1 Kg8 (30... Kxg7 31. Qb2+ Qf6 (
31... Kh7 32. Rxe6 Rxe6 33. hxg6+ Kxg6 34. Qd2 $18) 32. h6+ Kxh6 33. Qxf6 Rxe1+
34. Kh2 $18) 31. Qxe6+ Rxe6 32. Rxe6 d2 33. Re8+ Kxg7 34. Rd8 Nxc4 35. Kf1 gxh5
36. Ke2 Kf6 37. Rd5 $16) (29... Kf7 30. hxg6+ Kxf6 31. Qb2+ Kxg6 32. Rxe6+ Rxe6
33. Qd2 $18) 30. Qxe8 d2 31. Rd1 Nxc4 32. Qd7+ Kh6 33. Qxc7 Qe6 $14) 28... Rxc3
29. Bxc3 Nxc4 (29... Qxc4 $2 30. Qh5 Qg8 31. g4 $1 Nd5 (31... Qh8 32. Qf5) 32.
Rd1 Rd8 33. g5 Qh8 34. gxf6+ Nxf6 35. Rd7+ $1 Rxd7 36. Bxf6+ Kxf6 37. Qxh8+ $18
) 30. Rc1 (30. Qh5 Rh8 31. Qc5 Kxg6 32. Qxc7 $11) 30... e3 31. f4 (31. Bd4
exf2+ 32. Qxf2 b5 33. Rf1 Ne5 34. Bxa7 c6 $15) 31... Nb6 (31... b5 32. Qh5 Rh8
33. Qxb5 e2 34. Qc5 $15) 32. Qh5 Rh8 33. Bxf6+ $1 {Key move of the white's
attack, but the chances are still balanced.} (33. Qf3 Nd5 $17) 33... Qxf6 34.
Rxc7+ Kg8 (34... Kf8 $2 35. g7+ Qxg7 36. Qc5+ Kg8 37. Rxg7+ Kxg7 38. Qe7+ $18)
35. Qd1 (35. Qg4 $2 Qa1+ $19) 35... Rh1+ $1 36. Kxh1 Qh4+ 37. Kg1 Qf2+ 38. Kh1
Qh4+ 1/2-1/2

[Event "Asia-ch"]
[Site "Kolkata"]
[Date "2001.08.16"]
[Round "10"]
[White "Barsov, Alexei"]
[Black "Vakhidov, Tahir"]
[Result "1-0"]
[WhiteElo "2495"]
[BlackElo "2474"]
[Annotator "Ftacnik,L"]
[PlyCount "59"]
[EventDate "2001.08.09"]
[EventType "swiss"]
[EventRounds "11"]
[EventCountry "IND"]
[SourceTitle "CBM 085"]
[Source "ChessBase"]
[SourceDate "2001.11.13"]
[SourceVersion "1"]
[SourceVersionDate "2001.11.13"]
[SourceQuality "1"]

1. d4 Nf6 2. c4 g6 3. Nc3 d5 4. Nf3 Bg7 5. Bf4 c5 6. dxc5 Qa5 7. cxd5 Nxd5 8.
Qxd5 Bxc3+ 9. Bd2 Be6 10. Qxb7 Bxd2+ 11. Nxd2 O-O 12. b4 Qa4 13. e3 Nd7 14. a3
a5 $6 {This move is probably insufficient in the fight for compensation in
this sharp line, even though 14..Rfd8! is not without its problems either.} (
14... Rfd8 $1 15. Bb5 (15. Qa6 Qc2 16. Qd3 Qa4 (16... Qxd3 17. Bxd3 Nxc5 18.
Bc2 Nd3+ 19. Bxd3 Rxd3 20. Ke2 Rd5 21. Nf3 a5 {1/2-1/2 Mah,K-Lalic,B/London/
1999/ (26)}) 17. Qc3 (17. Qa6 Qc2 18. Qd3 Qa4 19. Qc3 a5 20. Rc1 axb4 21. axb4
Nf6 22. Bc4 Bxc4 23. Qxc4 Nd5 24. Rb1 Qa2 25. c6 Nxe3 {1/2-1/2 Kosyrev,V-Turov,
M/Montreal/2001/ (30)}) 17... a5 18. Rc1 axb4 19. axb4 Nf6 20. Bc4 Bxc4 21.
Qxc4 Nd5 22. Rb1 Qa2 23. c6 Nxe3 {1/2-1/2 Van Wely,L-Kamsky,G/Groningen/1995/ 
(31)}) 15... Qc2 16. Bxd7 Bxd7 17. Qe4 Qa4 18. f3 (18. Qb1 Bc6 19. Nf3 Qa6 20.
Qb2 Qb7 21. Rc1 Bxf3 22. gxf3 Qxf3 23. Rg1 Rd3 {1/2-1/2 Lukacs,P-Liss,E/
Budapest 1995/CBM 49 (50)}) 18... a5 19. Nc4 Bf5 20. Qf4 Bd3 21. Ne5 Qc2 22.
Qxf7+ Kh8 23. Nxd3 Qxg2 24. Nf2 {1-0 Bareev,E-Kalka,A/GER/2001/ (42)}) 15. Bb5
Qc2 16. Bxd7 Bxd7 17. O-O Qxd2 18. Rad1 Qc3 19. Rxd7 a4 20. Rxe7 Qxa3 (20...
Rab8 21. Qc7 Rbc8 22. Qd7 Qxa3 23. Rxf7 $18) 21. Rxf7 $1 {It is too much for
black as white will have three extra pawns.} Rxf7 22. Qxa8+ Kg7 23. Qe4 (23. b5
Qxc5 24. Qxa4 $18) 23... Qc3 24. Qd4+ $1 Qxd4 25. exd4 Rb7 (25... Rd7 26. Rd1
a3 27. c6 Rd8 28. d5 a2 29. c7 $18) 26. Rb1 a3 27. Kf1 a2 (27... Kf7 28. d5 Kf6
29. d6 $18) 28. Ra1 Rxb4 29. Rxa2 Rxd4 30. Rc2 1-0

[Event "Budapest Interzonal playoff"]
[Site "Budapest"]
[Date "1987.??.??"]
[Round "1"]
[White "Portisch, Lajos"]
[Black "Nunn, John DM"]
[Result "1-0"]
[WhiteElo "2615"]
[BlackElo "2585"]
[Annotator "Ftacnik,L"]
[PlyCount "55"]
[EventDate "1987.09.27"]
[EventType "match"]
[EventRounds "6"]
[EventCountry "HUN"]
[SourceTitle "CBM 004"]
[Source "ChessBase"]
[SourceDate "1988.06.01"]
[SourceVersion "1"]
[SourceVersionDate "1988.06.01"]
[SourceQuality "1"]

1. c4 g6 2. d4 Nf6 3. Nc3 d5 4. Bf4 Bg7 5. Rc1 dxc4 6. e4 c5 7. dxc5 Qa5 8.
Bxc4 O-O (8... Nxe4 $2 9. Qd5 $18) 9. e5 $5 Nfd7 (9... Ng4 10. e6 $16) (9...
Ne4 10. Qa4 $1 Qxa4 11. Nxa4 Bd7 12. Bd5 $16) (9... Nh5 10. Bd2 Bxe5 11. Nf3)
10. Nf3 Nxc5 $6 (10... Nc6 11. e6 $13) 11. O-O Nc6 12. Nd5 Be6 13. b4 $1 $16
Nxb4 14. Nxe7+ (14. Bd2 $2 Bxd5 15. Bxd5 Ncd3 $17) 14... Kh8 15. Bd2 Rad8 (
15... Rae8 16. Qe1 Bxc4 (16... Ncd3 17. Bxd3 Nxd3 18. Bxa5 Nxe1 19. Rfxe1 Rxe7
20. Bb4 $18) 17. Rxc4 Qxa2 18. Rxc5 Nd3 19. Qe3 Nxc5 20. Qxc5 $18) (15... Qa3
16. Rc3 Qa4 17. Qxa4 Nxa4 18. Bxe6 Nxc3 (18... fxe6 19. Ra3 $18) 19. Bxc3 fxe6
20. Bxb4 $18) 16. Bxe6 fxe6 (16... Nxe6 17. Rc4 $18) 17. a3 $1 (17. Rc4 Qxa2
18. Rxb4 Rd7 $13) 17... Qxa3 18. Rxc5 Na6 $8 19. Nxg6+ hxg6 20. Rc2 $16 Nb4 21.
Bxb4 Qxb4 22. Qc1 Qe7 $2 (22... Qf4 23. Qb2 $16 (23. Rc7 $16)) 23. Qe3 $18 {
/\ Ng5} Rf5 24. Rfc1 (24. Qxa7 $6 Rxf3 25. gxf3 Qg5+ 26. Kh1 Qf5 $13) 24... Kg8
25. h3 b6 $2 (25... a6 $18) 26. Nd4 Rxd4 (26... Rxe5 27. Nc6 Rxe3 28. Nxe7+ Kf7
29. Nc6 $18) 27. Qxd4 Rxe5 28. Qg4 1-0

[Event "EU-Cup 13th final"]
[Site "Kazan"]
[Date "1997.12.29"]
[Round "2"]
[White "Dreev, Alexey"]
[Black "Krasenkow, Michal"]
[Result "1-0"]
[WhiteElo "2640"]
[BlackElo "2645"]
[Annotator "Ftacnik,L"]
[PlyCount "57"]
[EventDate "1997.12.28"]
[EventType "team-k.o."]
[EventRounds "4"]
[EventCountry "RUS"]
[SourceTitle "EXT 2020"]
[Source "ChessBase"]
[SourceDate "2019.10.17"]
[SourceVersion "1"]
[SourceVersionDate "2019.10.17"]
[SourceQuality "1"]
[WhiteTeam "Kazan Sberbank-Tatarstan"]
[BlackTeam "Azov Ladya"]
[WhiteTeamCountry "RUS"]
[BlackTeamCountry "RUS"]

1. d4 Nf6 2. c4 g6 3. Nc3 d5 4. Nf3 Bg7 5. Bf4 O-O 6. Rc1 dxc4 7. e4 Bg4 8.
Bxc4 Bxf3 9. gxf3 Nh5 10. Be3 e6 11. f4 Qh4 12. Qf3 Nc6 13. Ne2 Rad8 14. Rd1 (
14. e5 Bh6 15. Rg1 Ng7 16. Bb5 Nb4 17. Rxc7 Nd5 18. Rxb7 Nxe3 19. Qxe3 Nf5 20.
Qe4 {1-0 Van Wely,L-Rytshagov,M/Erevan olm 1996 (42)}) 14... Na5 (14... a6 15.
a3 (15. Rg1 Rd7 16. Bb3 Na5 17. Bc2 c5 18. dxc5 Rxd1+ 19. Bxd1 Bxb2 20. Ng3
Bc3+ 21. Kf1 Nf6 22. Kg2 Nc6 {1/2-1/2 Yudovich sr,M-Koh/corr 1970 (47)}) 15...
Rd7 16. O-O Rfd8 17. e5 Bh6 18. Kh1 Ne7 19. Rg1 Nf5 20. d5 exd5 21. Rxd5 Rxd5
22. Bxd5 c6 23. Bb3 Nhg7 $10 {Portisch,L-Simagin,V/Sarajevo 1963/1-0 (76)}) 15.
Bd3 c5 16. dxc5 Bxb2 17. O-O {Black have played very actively, but white
position is quite compact. In case the first player can hold the pawn
structure, his bishop pair can become active.} (17. e5 Nc6 18. Ng3 $2 Bxe5 $1
19. Nxh5 (19. fxe5 Nxe5 20. Qe2 Nxd3+ 21. Rxd3 Nxg3 22. fxg3 Qe4 $19) 19...
Bc3+ 20. Ke2 Qxh5 21. Qxh5 gxh5 22. f5 Nd4+ 23. Bxd4 Bxd4 {Van Wely,L-Lin
Weiguo/Manila olm 1992/1/2-1/2 (52)}) 17... e5 (17... Nc6 18. Bb5 $1 $13) 18.
f5 Nc6 (18... Bd4 $5 {The central piece of white's build up is the Be3, so it
must be good to get him off the board.} 19. Bxd4 exd4 20. Bb5 a6 $15) 19. Bc4
Nf6 (19... gxf5 20. Qg2+ Qg4 (20... Kh8 21. Bg5 Qxe4 22. Qxe4 fxe4 23. Bxd8
Nxd8 $13) 21. exf5 Qxg2+ 22. Kxg2 $10) (19... Nd4 20. Bxd4 Bxd4 21. Nxd4 exd4
22. fxg6 hxg6 23. Bd5 $10) (19... Bd4 $5 20. fxg6 hxg6 21. Bd5 Bxe3 22. fxe3
$15) 20. Rxd8 Rxd8 (20... Nxd8 21. Rb1 Bd4 22. fxg6 hxg6 23. Nxd4 exd4 24. Bf4
$10) 21. fxg6 hxg6 22. Rb1 Bd4 $6 (22... Na5 23. Bxf7+ (23. Bd5 Nxd5 24. exd5
Nc4 $13) 23... Kxf7 24. Rxb2 Rd1+ 25. Kg2 Rd7 26. Nc3 Nc4 27. Rb1 $14) 23. Rxb7
Bxe3 24. Rxf7 {White rook have made quite a career and black must be very
careful.} (24. Bxf7+ Kf8 25. fxe3 Rd1+ 26. Kg2 Nd8 27. Bb3 Qg5+ 28. Kf2 Qh4+
$10) 24... Bxf2+ $2 (24... Qxf2+ $1 25. Qxf2 Bxf2+ 26. Kxf2 Nxe4+ 27. Ke3 Na5 (
27... Nd2 28. Be6 Kh8 29. Nc3 $14) 28. Rxa7+ Nxc4+ 29. Kxe4 Nd2+ 30. Ke3 Nc4+
31. Kf3 Rc8 $14) 25. Kg2 $1 Bxc5 (25... Qg4+ 26. Kxf2 Nxe4+ 27. Ke3 Qg5+ 28.
Kxe4 $18) (25... Na5 26. Rd7+ (26. Be6 Kh8 27. Qxf6+ Qxf6 28. Rxf6 Bxc5 29.
Rxg6 Rd2 30. Kf3 $16) 26... Nxc4 27. Rxd8+ Kg7 28. Qxf2 Qxe4+ 29. Kg1 $16) 26.
Rxf6+ Kh8 (26... Kg7 27. Rxc6 Rf8 28. Rc7+ Be7 29. Qe3 $18) 27. Rxc6 Rf8 28.
Bf7 $1 {Krasenkow might have missed this simple response, without mating
threats black will simply be a piece down.} (28. Rxc5 Rxf3 29. Kxf3 $18) 28...
Qg5+ 29. Qg3 (29. Qg3 Qxg3+ 30. Kxg3 Rxf7 31. Rxc5 $18) 1-0

[Event "Amsterdam ACT op 3rd"]
[Site "Amsterdam"]
[Date "2006.07.18"]
[Round "4"]
[White "Ftacnik, Lubomir"]
[Black "L'Ami, Erwin"]
[Result "0-1"]
[WhiteElo "2579"]
[BlackElo "2585"]
[Annotator "Ftacnik,L"]
[PlyCount "108"]
[EventDate "2006.07.15"]
[EventType "swiss"]
[EventRounds "9"]
[EventCountry "NED"]
[SourceTitle "CBM 113 Extra"]
[Source "ChessBase"]
[SourceDate "2006.09.14"]
[SourceVersion "1"]
[SourceVersionDate "2006.09.14"]
[SourceQuality "1"]

1. d4 Nf6 2. Nf3 g6 3. c4 Bg7 4. Nc3 d5 5. Bf4 O-O 6. Rc1 dxc4 7. e4 Bg4 8.
Bxc4 Nh5 9. Be3 Bxf3 10. gxf3 e5 11. dxe5 Bxe5 12. Qxd8 Rxd8 13. O-O Nc6 {
It seems advisable to put the knight to c6 as it controls vital d4 square and
can fight light squared bishop with Na5.} 14. Bd5 (14. Rfd1 Nd4 15. Bd5 c5 16.
Bxd4 cxd4 17. Ne2 Rd7 18. Rc4 Rad8 19. f4 Bxf4 20. Rcxd4 Rc8 21. Bb3 Rxd4 22.
Nxd4 Kg7 {1/2 Bosboom,M (2490)-Akesson,R (2510)/Hafnarfjordur 1998/ (50)}) (14.
Nd5 Bxb2 (14... Na5 15. Bg5 Rd7 16. Bb5 c6 17. b4 Nc4 18. Rxc4 cxd5 19. Rc5 Rd6
20. Rd1 dxe4 21. Be2 Nf4 22. Bxf4 Bxf4 23. fxe4 Rad8 {1/2 Bosboom,M (2476)-Van
de Mortel,J (2403)/Rotterdam 1999/}) 15. Rb1 Be5 16. f4 Bd6 17. Be2 Ng7 18.
Rxb7 Ne6 19. e5 Ba3 20. Nxc7 Nxc7 21. Rxc7 {1-0 Anastasian,A (2545)-Holmsten,A
(2380)/Linares 2000/ (28)}) 14... Nf4 (14... Nd4 $1 15. Bxd4 (15. Rfd1 Nxf3+
16. Kg2 Nxh2 17. Bxb7 Rxd1 18. Bxa8 Rd8 19. Bd5 Ng4 20. Bxa7 Nf4+ 21. Kf3 Nh2+
22. Ke3 Nxd5+ 23. Nxd5 Ra8 $15) 15... Bxd4 16. Rfd1 Bxc3 17. Rxc3 c6 18. Bb3
Rxd1+ 19. Bxd1 Rd8 20. Bb3 Nf4 21. h4 Ne2+ {0-1 Nagle,S (2364)-Musanti,D (2311)
/Dos Hermanas 2003/}) 15. Rcd1 {It was very dificult to judge, if the endgame
after 15.Bxc6!? offers any winning chances.} (15. Bxc6 $5 bxc6 16. Rc2 Nd3 17.
Ne2 (17. Na4 Rab8 (17... Nb4 18. Rc4 a5 19. f4 $14) (17... Rd6 18. Nc5 Nxc5 19.
Bxc5 Rd3 20. Be3 $16) 18. Rxc6 Nxb2 19. Nxb2 Rxb2 20. f4 Bd6 21. e5 Bb4 22.
Rxc7 Rxa2 $14) 17... Rab8 18. Rb1 Bxb2 19. Bxa7 Ra8 20. Be3 Bg7 $14) (15. Rfd1
$5 Rab8 16. Kf1 Nb4 $11) 15... Nxd5 $6 {L'Ami has decided for the risky
opening of the kingside when white pieces are better prepared for the
confrontation.} (15... Na5 16. Bxf4 Bxf4 17. b4 Nc6 18. Ne2 $14) (15... Bxc3
16. Bxf4 Bxb2 17. Bxc7 (17. Rb1 Be5 18. Bg5 Rdb8 $11) 17... Rd7 18. Bg3 $14)
16. Nxd5 f5 (16... Kg7 17. f4 Bxb2 18. Rb1 $16) 17. b3 $2 {The meek move costs
white a tempo and black will win time to coordinate pieces. Much stronger was
the immediate activity with 17.Bg5!} (17. Bg5 $1 Rdc8 (17... Re8 18. f4 Bd4 19.
Nxc7 fxe4 20. Rfe1 $16) (17... Rf8 18. f4 Bxb2 (18... Bg7 19. Nxc7 Rac8 20. Ne6
Rfe8 21. Nxg7 Kxg7 22. exf5 gxf5 23. Rd7+ $16) 19. e5 (19. Nxc7 $6 Rac8 20. Nd5
fxe4 21. Rb1 Bd4 22. Rxb7 $11) 19... Nd4 (19... Rac8 20. Nf6+ Kg7 21. Rd7+ Rf7
22. Bh6+ Kxh6 23. Rxf7 $16) (19... Rf7 20. e6 Rg7 21. Bh6 $16) 20. Kg2 (20. Rb1
$2 Nf3+ 21. Kg2 Nxg5 22. Rxb2 Ne6 23. Rxb7 Rfd8 24. Nxc7 Rd7 $17) 20... Ne6 21.
Nf6+ Kg7 22. Rd7+ Rf7 23. Bh6+ Kxh6 24. Rxf7 $16) (17... Rd6 18. f4 Bxb2 (18...
Bd4 19. Nxc7 Rf8 20. e5 $18) 19. e5 $18) 18. f4 (18. Kg2 Kg7 19. exf5 (19. Rd2
h6 20. Bf4 Bxf4 21. Nxf4 Re8 22. Rd7+ Re7 23. Rxe7+ Nxe7 24. Ne6+ Kf6 25. Nxc7
Rd8 $11) (19. f4 Bxb2 20. Rb1 Bd4 21. Rxb7 fxe4 22. Rc1 Rab8 23. Rxb8 Nxb8 24.
Ne7 Rf8 25. Rxc7 Rf7 26. f5 $16) 19... gxf5 20. Rfe1 Bd6 (20... Kf7 21. Ne7 Rg8
22. h4 h6 23. Nxc6 $18) 21. Re6 $16) (18. b4 $5 $14) 18... Bxb2 19. e5 Bd4 20.
e6 a5 21. Rfe1 $14) (17. b4 f4 (17... a6 18. Bg5 Rdc8 $14) 18. Bxf4 Bxf4 19.
Nxf4 Nxb4 (19... Rxd1 20. Rxd1 Nxb4 21. Rd7 Nxa2 22. Nd5 a5 23. Nxc7 Rf8 24. e5
$18) 20. Rxd8+ Rxd8 21. Rb1 a5 22. a3 Nc2 23. Rxb7 Rd1+ 24. Kg2 Ra1 25. Rxc7
Ne1+ 26. Kg3 Rxa3 27. Ne6 Rxf3+ 28. Kg4 $16) (17. f4 Bxb2 18. Rb1 Bd4 (18...
fxe4 19. Nxc7 Rac8 20. Ne6 Re8 21. Rxb2 Rxe6 22. Rxb7 Re7 23. Rfb1 Rcc7 24.
Rxc7 Rxc7 25. Rc1 $14) 19. Rxb7 fxe4 20. Rc1 Rxd5 21. Rxc6 Bxe3 22. fxe3 Rd1+
23. Kf2 Rd2+ 24. Kg3 Rc8 (24... Re2 25. Rcxc7 $16) 25. Rxa7 Rd3 26. f5 Rxe3+
27. Kf4 Re2 28. fxg6 Rf8+ $11) 17... Rac8 (17... Bd6 18. Kg2 $14) 18. Bg5 Re8
19. Rfe1 (19. f4 Bd4 (19... Bg7 20. e5 Kf7 21. Nf6 Bxf6 22. Bxf6 Ke6 23. Rd2
$14) 20. Bf6 Bc5 21. Bc3 Kf7 22. b4 Bf8 23. b5 Ne7 24. Nf6 Red8 25. Nxh7 Bh6
$11) 19... Kf7 20. Kg2 Nd4 21. f4 Bg7 {With the king on the square f7 black is
well prepared for all solutions of the tension in the center.} 22. exf5 (22. e5
$5 Ne6 23. Nf6 Bxf6 24. Bxf6 Nxf4+ 25. Kf3 Nh5 26. Bg5 Ke6 27. h4 $11) 22...
Nxf5 (22... Rxe1 23. Rxe1 (23. fxg6+ Ke6 24. Rxe1+ Kxd5 25. gxh7 Kd6 $15) 23...
Nxf5 24. Ne3 Nd4 25. Ng4 Re8 $15) 23. Rxe8 Kxe8 24. Bf6 Kf7 (24... c6 25. Ne7
Nxe7 26. Bxg7 Nd5 $15) 25. Bxg7 Nxg7 (25... Kxg7 26. Ne3 Nd6 27. Nd5 Nf7 28.
Ne3 $11) 26. Nc3 (26. Ne3 Ke6 27. Kf3 Rf8 28. Rd5 $15) 26... Ke7 27. Re1+ $6 {
[%mdl 4096] From now on white was sinking ever deeper into endgame
difficulties, that had cost him the whole point.} (27. Kf3 Nf5 (27... Rd8 28.
Rxd8 Kxd8 29. Nd5 $11) 28. Ne4 Nd6 (28... Rd8 $2 29. Rxd8 Kxd8 30. Ng5 h6 31.
Ne6+ Kc8 32. Ke4 $14) 29. Nc3 Kf7 $15) (27. Nd5+ Ke6 28. Nc3 Nh5 $15) 27... Ne6
28. Kg3 Rd8 29. Ne4 Kf7 30. Re3 $6 (30. Ng5+ $5 Nxg5 31. fxg5 Rd5 $1 (31... Rd2
32. Re4 Rxa2 33. Rh4 Kg8 34. Rd4 $15) 32. h4 Rd2 33. a3 Ra2 $15) 30... h6 31.
Rc3 Rd5 32. Rc2 $2 {White is going downhill very quickly as the position
becomes more unpleasant with each move.} (32. f3 Rd1 33. Rc2 Rd7 34. Rd2 Rxd2
35. Nxd2 Kf6 $17) 32... Rd3+ 33. f3 (33. Kg4 c6 34. f3 Nd4 35. Rf2 h5+ 36. Kg3
b6 $17) 33... Rxf3+ 34. Kxf3 Nd4+ 35. Kg4 Nxc2 36. Nc3 Ke6 (36... Nd4 37. Kg3
Ke6 $19) 37. h4 Ne3+ 38. Kf3 Nd5 {Unfortunatelly for white knight endgames are
in character closest to the pawn ones. The compensation for the missing pawn
is simply absent.} 39. Nb5 (39. Nxd5 Kxd5 40. Ke3 c5 $19) 39... a6 40. Nd4+ Kf6
41. Ne2 Nb4 42. a4 Nd3 43. Nc3 Kf5 44. Nd5 Nc5 (44... c6 45. Ne3+ Ke6 46. Nc4
b5 $19) 45. Nxc7 Nxb3 46. Nd5 Nd2+ (46... Nd4+ 47. Ke3 Nc6 48. Kf3 b5 49. axb5
axb5 50. Ne3+ Ke6 51. Ke4 Ne7 $19) 47. Ke3 Nc4+ 48. Kd4 Nd6 49. a5 Ke6 {
L'Ami was later dissatisfied with his handling of the final phase, but he
certainly raised to the ocassion in a few moves.} (49... Kg4 50. Kc5 Nc8 51.
Nb6 Ne7 (51... Nxb6 52. Kxb6 Kxf4 53. Kxb7 g5 54. hxg5 hxg5 55. Kxa6 $11) 52.
Kd6 Nc6 53. Nd5 Kxh4 54. Kc7 Nxa5 55. Kb6 Nb3 56. Kxb7 a5 $19) 50. Ne3 Nf5+ $1
{Exactly! Black understands, that with best play he can put down white's
active resistance.} 51. Nxf5 (51. Ke4 Nxe3 52. Kxe3 Kf5 53. Kf3 h5 $19) 51...
gxf5 (51... Kxf5 52. Kc5 Kxf4 53. Kb6 g5 54. hxg5 hxg5 55. Kxb7 g4 56. Kxa6 g3
57. Kb7 g2 58. a6 g1=Q 59. a7 $11) 52. Kc5 Kd7 53. Kd5 (53. Kb6 Kc8 54. Kc5 Kc7
55. h5 b6+ 56. axb6+ Kb7 57. Kd4 Kxb6 58. Ke5 a5 59. Kxf5 a4 $19) (53. h5 Kc7
54. Kd5 b6 $19) 53... h5 54. Ke5 b6 $1 (54... b6 $1 55. axb6 a5 56. Kd5 (56.
Kxf5 a4 57. b7 Kc7 $19) 56... a4 57. Kc4 Kc6 58. Kb4 Kxb6 59. Kxa4 Kc5 $19) 0-1